Por qué la austeridad mata (Record no. 183501)

MARC details
000 -LEADER
campo de control de longitud fija 01226nam a2200349 i 4500
001 - NÚMERO DE CONTROL
campo de control 183501
003 - IDENTIFICADOR DE NÚMERO DE CONTROL
campo de control ES-MaACL
005 - FECHA Y HORA DE LA ÚLTIMA TRANSACCIÓN
campo de control 20250905145711.0
008 - DATOS DE LONGITUD FIJA--INFORMACIÓN GENERAL
campo de control de longitud fija 140707s2013 sp d | |||||||| | spa d
020 ## - NÚMERO INTERNACIONAL ESTÁNDAR DEL LIBRO
Número Internacional Estándar del Libro 978-84-306-0218-6
080 ## - NÚMERO DE LA CLASIFICACIÓN DECIMAL UNIVERSAL
Número de la Clasificación Decimal Universal 338.124(100)"2008/..."
080 ## - NÚMERO DE LA CLASIFICACIÓN DECIMAL UNIVERSAL
Número de la Clasificación Decimal Universal 351.83/.84(100)"1989/..."
080 ## - NÚMERO DE LA CLASIFICACIÓN DECIMAL UNIVERSAL
Número de la Clasificación Decimal Universal 351.77(100)
100 1# - ENTRADA PRINCIPAL--NOMBRE DE PERSONA
Nombre de persona Stuckler, David.
9 (RLIN) 154910
245 10 - MENCIÓN DEL TÍTULO
Título Por qué la austeridad mata
Resto del título : el coste humano de las políticas de recorte /
Mención de responsabilidad, etc. David Stuckler y Sanjay Basu ; traducción de Alejandro Pradera y Federico Corriente Basús.
260 ## - PUBLICACIÓN, DISTRIBUCIÓN, ETC.
Lugar de publicación, distribución, etc. [Madrid] :
Nombre del editor, distribuidor, etc. Taurus,
Fecha de publicación, distribución, etc. imp. 2013.
300 ## - DESCRIPCIÓN FÍSICA
Extensión XXV, 334 p. :
Otras características físicas gráf. ;
Dimensiones 24 cm.
490 1# - MENCIÓN DE SERIE
Mención de serie Pensamiento
500 ## - NOTA GENERAL
Nota general Índice.
504 ## - NOTA DE BIBLIOGRAFÍA, ETC.
Nota de bibliografía, etc. Bibliografía: p. 313-317.
650 #0 - PUNTO DE ACCESO ADICIONAL DE MATERIA--TÉRMINO DE MATERIA
Término de materia o nombre geográfico como elemento de entrada Crisis económicas- 2008
9 (RLIN) 236570
650 00 - PUNTO DE ACCESO ADICIONAL DE MATERIA--TÉRMINO DE MATERIA
Término de materia o nombre geográfico como elemento de entrada Política social.
9 (RLIN) 16308
650 07 - PUNTO DE ACCESO ADICIONAL DE MATERIA--TÉRMINO DE MATERIA
Término de materia o nombre geográfico como elemento de entrada Salud pública.
9 (RLIN) 16973
700 1# - ENTRADA AGREGADA--NOMBRE PERSONAL
Nombre de persona Basu, Sanjay.
9 (RLIN) 154911
700 1# - ENTRADA AGREGADA--NOMBRE PERSONAL
Nombre de persona Pradera, Alejandro.
9 (RLIN) 154912
700 1# - ENTRADA AGREGADA--NOMBRE PERSONAL
Nombre de persona Corriente Basús, Federico,
Fechas asociadas al nombre 1965-
9 (RLIN) 154913
830 0# - PUNTO DE ACCESO ADICIONAL DE SERIE-TÍTULO UNIFORME
Título uniforme Pensamiento
9 (RLIN) 178722
852 ## - LOCALIZACIÓN
Ubicación ES-MaACL
Número de control de estantería A-13111
itemnumber 190441
Sublocalización o colección R.149917
Ubicación en estantería Depósito 1
Signatura antigua Olim: N-6111
942 ## - ELEMENTOS DE ENTRADA SECUNDARIOS (KOHA)
Fuente del sistema de clasificación o colocación Clasificación decimal universal
Tipo de ítem Koha Libro impreso
Holdings
Estatus retirado Estado de pérdida Fuente del sistema de clasificación o colocación Estado de daño No para préstamo Biblioteca de origen Biblioteca actual Ubicación en estantería Fecha de adquisición Fuente de adquisición Total de préstamos Signatura topográfica completa Código de barras Visto por última vez Precio de reemplazo Tipo de ítem Koha
    Clasificación decimal universal     Biblioteca del Ateneo de Madrid Biblioteca del Ateneo de Madrid Depósito 1 07/07/2014 Compra   A-13111 1192877 23/02/2023 23/02/2023 Libro impreso